Старообрядческая икона в историко-культурном контексте XVIII-начала XX века (Запись № 10994202)

Подробности
000 -МАРКЕР
контрольное поле 01345nam0a2200325 4500
001 - ИДЕНТИФИКАТОР ЗАПИСИ
контрольное поле RU\NLR\BIBL_A\011623031
005 - ИДЕНТИФИКАТОР ВЕРСИИ
контрольное поле 20180322114519.0
010 ## - МЕЖДУНАРОДНЫЙ СТАНДАРТНЫЙ НОМЕР КНИГИ (ISBN)
Номер (ISBN) 978-5-906190-90-1
Тираж 300
021 ## - НОМЕР ГОСУДАРСТВЕННОЙ РЕГИСТРАЦИИ
Код страны Российская Федерация
Номер КН-П-18-007511
Номер Листа государственной регистраци КН-П-18-0514
035 ## - ДРУГИЕ СИСТЕМНЫЕ НОМЕРА
Идентификатор записи (NLR Aleph) 011623031
100 ## - ДАННЫЕ ОБЩЕЙ ОБРАБОТКИ
Данные общей обработки 20180206d2017 k y0rusy50 ca
101 0# - ЯЗЫК РЕСУРСА
Язык текста, звукозаписи и т.д. русский
102 ## - СТРАНА ПУБЛИКАЦИИ ИЛИ ПРОИЗВОДСТВА
Страна публикации Российская Федерация
105 ## - ПОЛЕ КОДИРОВАННЫХ ДАННЫХ: ТЕКСТОВЫЕ МАТЕРИАЛЫ, МОНОГРАФИЧЕСКИЕ
Кодированные данные о монографическом текстовом документе a w 001 y
200 1# - ЗАГЛАВИЕ И СВЕДЕНИЯ ОБ ОТВЕТСТВЕННОСТИ
Основное заглавие Старообрядческая икона в историко-культурном контексте XVIII-начала XX века
Сведения, относящиеся к заглавию опыт систематического анализа
Первые сведения об ответственности Н.В. Пивоварова
210 ## - ПУБЛИКАЦИЯ, РАСПРОСТРАНЕНИЕ И ДР.
Место издания, распространения и т.д. Москва
Имя издателя, распространителя и т. д. БуксМАрт
Дата издания, распространения и т.д. 2017
215 ## - ФИЗИЧЕСКАЯ ХАРАКТЕРИСТИКА
Специфическое обозначение материала и объем 455 с.
Другие сведения о физической характеристике ил., цв. ил.
Размеры 31
320 ## - ПРИМЕЧАНИЯ О НАЛИЧИИ В ДОКУМЕНТЕ БИБЛИОГРАФИИ / УКАЗАТЕЛЯ
Текст примечания Библиогр. в подстроч. примеч.
320 ## - ПРИМЕЧАНИЯ О НАЛИЧИИ В ДОКУМЕНТЕ БИБЛИОГРАФИИ / УКАЗАТЕЛЯ
Текст примечания Имен. указ.: с. 444-452
606 1# - НАИМЕНОВАНИЕ ТЕМЫ КАК ПРЕДМЕТ
Наименование темы Иконы старообрядческие
Системный номер авторитетной/нормативной записи 2358790
Идентификатор авторитетной/нормативной записи RU\NLR\AUTH\6601631184
606 1# - НАИМЕНОВАНИЕ ТЕМЫ КАК ПРЕДМЕТ
Наименование темы Иконопись русская
Хронологический подзаголовок 18 - 20 вв.
Системный номер авторитетной/нормативной записи 2443919
Идентификатор авторитетной/нормативной записи RU\NLR\AUTH\661453670
686 1# - ИНДЕКСЫ ДРУГИХ КЛАССИФИКАЦИЙ
Индекс Щ143(2Р=Рус)5-465.6
686 2# - ИНДЕКСЫ ДРУГИХ КЛАССИФИКАЦИЙ
Индекс Э372.242-575.1
700 #1 - ИМЯ ЛИЦА - ПЕРВИЧНАЯ ОТВЕТСТВЕННОСТЬ
Начальный элемент ввода Пивоварова
Часть имени, кроме начального элемента ввода Н. В.
Расширение инициалов личного имени Надежда Валерьевна
942 ## - ДОПОЛНИТЕЛЬНЫЕ ЭЛЕМЕНТЫ ЗАПИСИ (АБИС)
Тип экземпляра АБИС Книга
980 ## - КОЛЛЕКЦИЯ
Название коллекции Национальная библиография
Экземпляры
Тип экземпляра Дата поступления Источник поступления Библиотека постоянного хранения Библиотека текущего хранения Место хранения Шифр хранения Штрих-код Статус экземпляра Стоимость
Книга 06.02.2018 Контрольный экземпляр из типографии РНБ (Московский) РНБ (Московский) Русский книжный фонд: издания с 1957 года 2018-9/37 1-2157292    
Книга 06.02.2018 Обязательный экземпляр РНБ (Московский) РНБ (Московский) Залы гуманитарной литературы Л1 Щ143(2Р=Р)БФ/П-320 1-2207394 Выставка новых поступлений Отдела комплектования 0.00
Книга 06.03.2018 Обязательный экземпляр РНБ (Московский) РНБ (Московский) Русский книжный фонд: издания с 1957 года 2018-9/37 1-2207393    
Книга 06.02.2018 Контрольный экземпляр из типографии РНБ (Садовая) РНБ (Садовая) Универсальный читальный зал У Щ14(2)5/П-320 1-2157293